000 00672nam a2200217Ia 4500
003 GCL
008 140319s9999 xx 000 0 ara d
020 _a9047232977
040 _aGCL /
_cGCL
082 0 4 _a741.2
_bم ا
100 1 _aمحمود البسيونى
245 1 0 _aاسرار الفن التشكيلى /
_cمحمود البسيونى
250 _aالثانية
260 _aالقاهرة :
_bعالم الكتب الحديث ،
_c1994
300 _a275 ص:
_bايض ؛
_c23 سم
650 0 4 _aالرسم
650 0 4 _aالفنون التشكيلية
650 0 4 _aالفن الحديث
650 0 4 _aالتربية الفنية
942 _2ddc
_cBK
999 _c32990
_d32990